000 01107nam a2200289Ia 4500
003 OSt
005 20221005111523.0
006 a|||||r|||| 00| 0
007 ta
008 ORI
020 _a8172013515 (hbk)
_c750
024 _a92022
037 _b543, 19/03/2009, Vani Prakashan
_cTextual
040 _aCRL
_cCRL
_bORI
041 _2ORI
_aORI
082 _aO1591,3N34x, 152N2
100 _aमनोज दास
245 0 _aतीसरा प्राणी
246 _aTīsarā prāṇī
260 _aनई दिल्ली
_bसाहित्य अकादेमी भारत
_c1992
300 _a303पृ0
_ccm.
490 _aसाहित्य अकादेमी द्वारा पुरस्कृत ओड़िया कहानियॉं
650 _aउड़िया साहित्य
700 _a श्रवण कुमार, अनु.
942 _hO1591,3N34x, 152N2
_cTEXL
_2cc
999 _c1022079
_d1022079